[Event "Challenge"]
[Site "http://www.queenalice.com/game.php?id=373493"]
[Date "2008.3.19"]
[Round "-"]
[White "Gustaver"]
[Black "Paulo2008"]
[Result "0-1"]
[WhiteElo "1275"]
[BlackElo "1575"]

1. g3 d5 2. d3 e5 3. Nh3 Nf6 4. Nc3 Bb4 5. a3 Bxc3+ 6. bxc3 O-O 7. Bg5 Nc6 8.
Bg2 Be6 9. O-O h6 10. Bxf6 Qxf6 11. Rb1 b6 12. c4 Ne7 13. e4 dxe4 14. dxe4 Bxc4
15. Nf4 Bxf1 16. Qxf1 exf4 17. Qe1 Qe5 18. Bf1 f3 19. Rb5 Qe6 20. Qc3 Qxe4 21.
Re5 Nd5 22. Qe3 Qxe3 23. fxe3 Nc3 24. Re7 c5 25. Kf2 Nb1 26. Kxf3 Nxa3 27. Bd3
Rfe8 28. Rc7 Nb1 29. Bc4 Nd2+ 30. Kf2 Nxc4 31. h4 Nxe3 32. g4 Nxg4+ 33. Kf3 Ne5+
34. Kg2 Kf8 35. h5 Re7 36. Rxe7 Kxe7 37. c3 Rd8 38. c4 Nxc4 39. Kh3 Rd4 40. Kg3
a5 41. Kh3 a4 42. Kh2 a3 43. Kg2 a2 44. Kg3 a1=Q 45. Kf3 Qa3+ 46. Kf2 Rd2+ 47.
Kg1 Qa1# 0-1

[Event "AUTO-OPEN-1061"]
[Site "http://www.queenalice.com/game.php?id=373530"]
[Date "2008.3.19"]
[Round "1"]
[White "Gustaver"]
[Black "rrainey22"]
[Result "1/2-1/2"]
[WhiteElo "1275"]
[BlackElo "1796"]

1. g3 e5 2. d3 d5 3. Nh3 d4 4. Bg5 f6 5. Bc1 c5 6. Bg2 Bd6 7. O-O Bd7 8. f4 Qc8
9. e4 Bxh3 10. Qh5+ g6 11. Qxh3 Qxh3 12. Bxh3 Nc6 13. Na3 a6 14. f5 g5 15. Nb5
axb5 16. Bg4 h5 17. Bxh5+ Rxh5 18. g4 Rh4 19. c3 Rxg4+ 20. Kh1 O-O-O 21. a4 bxa4
22. Rxa4 Kc7 23. h3 Rh4 24. Rf3 Nh6 25. b4 cxb4 26. cxb4 Nxb4 27. Ra7 Ng4 28.
Kg2 Nh6 29. Ba3 Nf7 30. Kg3 Rf4 31. Bc1 Rh4 32. Ra5 Rdh8 33. Bd2 Rxh3+ 34. Kf2
Rh2+ 35. Kg3 Rxd2 36. Rf1 Rxd3+ 37. Kf2 Rh2+ 38. Kg1 Rhh3 39. Rc1+ Kb6 40. Ra8
Rd2 41. Rh8 Nxh8 42. Rf1 Rhh2 43. Rf2 Rdxf2 1/2-1/2

[Event "AUTO-OPEN-1061"]
[Site "http://www.queenalice.com/game.php?id=373531"]
[Date "2008.3.19"]
[Round "1"]
[White "rrainey22"]
[Black "Gustaver"]
[Result "1-0"]
[WhiteElo "1790"]
[BlackElo "1100"]

1. e4 g6 2. e5 Bg7 3. d4 f6 4. f4 Nc6 5. c3 d6 6. exd6 cxd6 7. g3 e5 8. Qe2 Nh6
9. d5 Na5 10. b4 O-O 11. bxa5 Qxa5 12. Qc4 Bf5 13. Qb4 Qxb4 14. cxb4 Rac8 15.
Bb2 Be4 16. Nf3 Bxf3 17. Rg1 Ng4 18. Bg2 e4 19. h3 Rc2 20. Bxf3 Nh2 21. Bxe4
Rxb2 22. a3 Re8 23. Nd2 Rxe4+ 24. Nxe4 Nf3+ 25. Kf1 Nxg1 26. Kxg1 f5 27. Nxd6
Bd4+ 28. Kh1 Rf2 29. Rd1 Bb2 30. Nc4 Rc2 31. Nxb2 Rxb2 32. d6 Ra2 33. d7 Rxa3
34. d8=Q+ Kg7 35. Qg5 a6 36. Rd7+ Kf8 37. Qd8# 1-0

[Event "AUTO-OPEN-1061"]
[Site "http://www.queenalice.com/game.php?id=373532"]
[Date "2008.3.19"]
[Round "1"]
[White "Gustaver"]
[Black "LadyAndrea"]
[Result "0-1"]
[WhiteElo "1265"]
[BlackElo "1791"]

1. g3 d5 2. d3 c5 3. Nf3 h6 4. e4 Bg4 5. Nc3 d4 6. Nd5 e6 7. Be2 Nf6 8. Bg5 hxg5
9. Nxg5 Nxd5 10. exd5 Bxe2 11. Qxe2 Qxg5 12. O-O Qxd5 13. c4 Qc6 14. f4 Nd7 15.
f5 O-O-O 16. fxe6 Qxe6 17. Qxe6 fxe6 18. Rae1 e5 19. a4 Bd6 20. a5 Nf6 21. Rc1
a6 22. b4 cxb4 23. c5 Bc7 24. c6 Rd6 25. Rf5 Rxc6 26. Rb1 Bxa5 27. Rxe5 Bc7 28.
Re7 Nd5 29. Rxg7 a5 30. g4 Rch6 31. Rc1 Rxh2 32. Rc5 Rh1+ 33. Kg2 Nf4+ 34. Kg3
Nxd3+ 35. Rcxc7+ Kd8 36. Rxb7 Kc8 37. Ra7 Kb8 38. Rxa5 R1h2 39. Rb5+ Kc8 40. Ra7
R8h3# 0-1

[Event "AUTO-OPEN-1061"]
[Site "http://www.queenalice.com/game.php?id=373533"]
[Date "2008.3.19"]
[Round "1"]
[White "LadyAndrea"]
[Black "Gustaver"]
[Result "1-0"]
[WhiteElo "1774"]
[BlackElo "1236"]

1. e4 b6 2. Bc4 Nf6 3. Nc3 e6 4. h3 Nc6 5. a3 d5 6. Bb5 Bd7 7. d3 Bc5 8. Be3
Bxe3 9. fxe3 O-O 10. Nf3 a6 11. Bxc6 Bxc6 12. Ne5 Qd6 13. Nxc6 Qxc6 14. exd5
exd5 15. O-O Rae8 16. Qf3 b5 17. Rf2 Ne4 18. dxe4 dxe4 19. Qe2 f5 20. Rd1 Qb6
21. Nd5 Qh6 22. Nxc7 Rc8 23. Nxa6 f4 24. Nb4 g5 25. exf4 gxf4 26. Qxe4 Rce8 27.
Qd5+ Kh8 28. Rf3 Qb6+ 29. Qd4+ Qxd4+ 30. Rxd4 Re1+ 31. Kf2 Rb1 32. Nd3 Rf6 33.
Rdxf4 Rc6 34. Rf8+ Kg7 35. R3f7+ Kg6 36. Ne5+ Kh5 37. Nxc6 Rxb2 38. Nd4 b4 39.
Rg8 bxa3 40. Rxh7# 1-0

[Event "Challenge"]
[Site "http://www.queenalice.com/game.php?id=379805"]
[Date "2008.3.31"]
[Round "-"]
[White "falca"]
[Black "Gustaver"]
[Result "1-0"]
[WhiteElo "1355"]
[BlackElo "1428"]

1. e4 g6 2. Bc4 d6 3. Nf3 Nf6 4. Nc3 Nc6 5. O-O Bg7 6. d3 O-O 7. Be3 d5 8. exd5
Nb4 9. a3 Nbxd5 10. Bxd5 Nxd5 11. Nxd5 Qxd5 12. c4 Qa5 13. b4 Qf5 14. Rb1 Rd8
15. d4 Be6 16. d5 Bxd5 17. cxd5 Rxd5 18. Qc1 h5 19. Bh6 Bxh6 20. Qxh6 Rad8 21.
Rbc1 R8d6 22. Rxc7 g5 23. Rxe7 Rd1 24. Re8# 1-0

[Event "AUTO-BEG-206"]
[Site "http://www.queenalice.com/game.php?id=386456"]
[Date "2008.4.12"]
[Round "1"]
[White "Gustaver"]
[Black "Jane"]
[Result "1-0"]
[WhiteElo "1258"]
[BlackElo "1443"]

1. g3 e5 2. d3 Bc5 3. d4 Bxd4 4. Nf3 Nc6 5. Nxe5 Bxe5 6. f4 Bf6 7. e3 d6 8. Bc4
Nh6 9. e4 Nd4 10. e5 dxe5 11. fxe5 Bxe5 12. Bxh6 gxh6 13. Qh5 Nxc2+ 14. Kf1 Nxa1
15. Qxf7# 1-0

[Event "AUTO-BEG-206"]
[Site "http://www.queenalice.com/game.php?id=386457"]
[Date "2008.4.12"]
[Round "1"]
[White "Jane"]
[Black "Gustaver"]
[Result "1-0"]
[WhiteElo "1634"]
[BlackElo "1265"]

1. e4 d6 2. Bc4 g6 3. Qf3 Nf6 4. d3 Bg4 5. Qf4 e5 6. Qe3 d5 7. exd5 Nxd5 8. Bxd5
Qxd5 9. f3 Bf5 10. Nc3 Nc6 11. Nxd5 O-O-O 12. c4 Bb4+ 13. Nxb4 Nxb4 14. Qf2
Nxd3+ 15. Kf1 Nxf2 16. Kxf2 e4 17. fxe4 Bxe4 18. Nf3 f5 19. Be3 Rhf8 20. Nd4
Rfe8 21. Nb5 Rd3 22. Nxa7+ Kb8 23. Rhe1 Rf8 24. Rad1 f4 25. Rxd3 Bxd3 26. Bxf4
Rxf4+ 27. Ke3 Re4+ 28. Kd2 Re2+ 29. Rxe2 Bxe2 30. Kxe2 Kxa7 31. Kd3 Kb6 32. b4
c5 33. bxc5+ Kxc5 34. a4 b6 35. Kc3 h5 36. h4 Kd6 37. Kb4 Kc6 38. a5 Kb7 39. Kb5
Kc7 40. axb6+ Kb7 41. c5 g5 42. hxg5 h4 43. g6 Ka8 44. g7 h3 45. g8=Q+ Kb7 46.
Qf7+ Ka8 47. Qa7# 1-0

[Event "São Paulo vs Palmeiras 2"]
[Site "http://www.queenalice.com/game.php?id=390905"]
[Date "2008.4.20"]
[Round "-"]
[White "Paulo2008"]
[Black "Gustaver"]
[Result "1-0"]
[WhiteElo "1690"]
[BlackElo "1375"]

1. d4 g6 2. Nf3 Bg7 3. Bg5 f6 4. Bh4 Nc6 5. e3 Nh6 6. Bd3 O-O 7. O-O e5 8. dxe5
Nxe5 9. Nxe5 g5 10. Bg3 Re8 11. Nf3 d6 12. Nbd2 Bg4 13. h3 Bxf3 14. Nxf3 c5 15.
Bc4+ d5 16. Qxd5+ Nf7 17. Qxf7+ Kh8 18. Rad1 Rf8 19. Rxd8 Raxd8 20. Qh5 g4 21.
Bd3 gxf3 22. Qxh7# 1-0

[Event "AUTO-INT-900"]
[Site "http://www.queenalice.com/game.php?id=402317"]
[Date "2008.5.13"]
[Round "1"]
[White "Gustaver"]
[Black "xadrezpetry"]
[Result "0-1"]
[WhiteElo "1332"]
[BlackElo "1398"]

1. e4 e5 2. Qh5 Nf6 3. Qd1 Nxe4 4. Bc4 Qh4 5. Qe2 Bc5 6. Kd1 Nxf2+ 7. Ke1 Nxh1+
8. g3 Nxg3 9. Qf2 Bxf2+ 10. Kxf2 Qxh2+ 11. Ke1 Qxg1+ 12. Bf1 Qxf1# 0-1

[Event "AUTO-INT-900"]
[Site "http://www.queenalice.com/game.php?id=402330"]
[Date "2008.5.13"]
[Round "1"]
[White "Gustaver"]
[Black "Danado"]
[Result "0-1"]
[WhiteElo "1238"]
[BlackElo "1593"]

1. e4 e5 2. Qh5 Qe7 3. d4 exd4 4. Nf3 Nc6 5. Bg5 Qxe4+ 6. Be2 g6 7. Qh4 Qxh4 8.
O-O Bd6 9. Nxh4 Be7 10. Bc4 Bxg5 11. Re1+ Nge7 12. Na3 Bxh4 13. Nb5 Kd8 14. Bxf7
Nb4 15. Nxd4 Bf6 16. Rad1 Bxd4 17. Rxd4 Nxc2 18. Ree4 Nxd4 19. Rxd4 d6 20. Re4
Bf5 21. Re2 Rf8 22. Be6 Bxe6 23. Rxe6 Nd5 24. f3 Re8 25. Rf6 Nxf6 26. g4 Re2 27.
h3 Rxb2 28. a3 Ke8 29. g5 Nd5 30. h4 Kf8 31. f4 Re8 32. f5 Re1# 0-1

[Event "AUTO-INT-900"]
[Site "http://www.queenalice.com/game.php?id=402331"]
[Date "2008.5.13"]
[Round "1"]
[White "Danado"]
[Black "Gustaver"]
[Result "1-0"]
[WhiteElo "1643"]
[BlackElo "1236"]

1. e4 d6 2. d4 Nh6 3. Bxh6 gxh6 4. Nc3 Bg7 5. Qd2 O-O 6. O-O-O e5 7. dxe5 Bxe5
8. Qxh6 Bg4 9. Be2 Bxe2 10. Ngxe2 Qf6 11. Qxf6 Bxf6 12. Nd5 Nc6 13. Nxf6+ Kg7
14. Nh5+ Kg6 15. Nhf4+ Kf6 16. Nd5+ Ke5 17. f3 f5 18. exf5 Kxf5 19. Nxc7 Rac8
20. Ng3+ Kf4 21. Ne6+ Ke3 22. Nxf8 Rxf8 23. Rxd6 Kf2 24. Nh5 Kxg2 25. Rdd1 Nb4
26. Kb1 Rxf3 27. Ng3 h5 28. Nxh5 a5 29. h4 1-0

[Event "AUTO-INT-900"]
[Site "http://www.queenalice.com/game.php?id=402332"]
[Date "2008.5.13"]
[Round "1"]
[White "Gustaver"]
[Black "chapichapo"]
[Result "0-1"]
[WhiteElo "1304"]
[BlackElo "1715"]

1. e4 e5 2. Qh5 Qf6 3. Nf3 Bc5 4. Nxe5 Qxf2+ 5. Kd1 g6 6. Qe2 Qxe2+ 7. Bxe2 d6
8. Nd3 Nf6 9. Nxc5 dxc5 10. Bb5+ c6 11. Be2 Nxe4 12. Rf1 O-O 13. Bc4 Bg4+ 14.
Ke1 Nd7 15. d3 Nef6 16. Bh6 Rfe8+ 17. Kd2 Re2+ 18. Kc1 Rxg2 19. Nd2 Rxh2 20. Bf4
Nd5 21. Bd6 Re8 22. b3 Bf5 23. Kb2 Rxd2 24. Bf4 Nb4 25. Bh6 Rxc2+ 26. Kb1 Rxc4
27. bxc4 Bxd3+ 28. Kc1 Bxf1 29. Kb2 Bxc4 30. a3 Re2+ 31. Kc3 Rc2# 0-1

[Event "AUTO-INT-900"]
[Site "http://www.queenalice.com/game.php?id=402333"]
[Date "2008.5.13"]
[Round "1"]
[White "chapichapo"]
[Black "Gustaver"]
[Result "1-0"]
[WhiteElo "1682"]
[BlackElo "1304"]

1. e4 g6 2. Bc4 d6 3. Qf3 Nf6 4. d3 Bg7 5. Bg5 Bg4 6. Qg3 h6 7. Bxf6 Bxf6 8.
Qxg4 h5 9. Qf3 Bxb2 10. Qxf7+ Kd7 11. Qxg6 Rg8 12. Bxg8 Bxa1 13. Ne2 Qe8 14.
Qe6+ Kd8 15. Bf7 Qf8 16. Nec3 Nd7 17. O-O Nc5 18. Qd5 Kc8 19. Qxh5 b6 20. Bd5
Nb7 21. f4 e6 22. Bxe6+ Kb8 23. f5 Nd8 24. Bd5 c6 25. Bb3 a5 26. f6 Ra7 27. f7
Nxf7 28. Rxf7 Qe8 29. Rb7+ Rxb7 30. Qxe8+ Ka7 31. Qxc6 Bxc3 32. Nxc3 Kb8 33. Nb5
a4 34. Bxa4 Ka8 35. Nc7+ Ka7 36. Nb5+ Ka6 37. Qc8 d5 38. Qa8+ Ra7 39. Qxa7# 1-0